Microsoft Visual FoxPro 6.0 : Manual del programador

Bibliographic Details
Format: Section = Libro
Language:Undetermined
Spanish
Published: México México 1998
Subjects:
LEADER 00562nam a2200193Ia 4500
008 240830s9999 xx 000 0 und d
020 |a 84-481-2089-2 
040 |a B-ESTELÍ- RUACS / 005.13 M619 
041 |a spa 
082 |a 005.13 M619 
245 1 0 |a Microsoft Visual FoxPro 6.0 : Manual del programador 
260 |a México  |b México  |c 1998 
300 |a 847 p. :il 
650 7 |a PROGRAMAS ESPECIFICOS - CRISTAL REPORTS 
650 7 |b  GRAFICAS - TRIDIMENSIONALES 
650 7 |c  BASES DE DATOS - CRISTAL REPOORTS 
942 |c BK  |2 ddc 
991 |a TEXTO 
999 |c 10563